00830cam a22002298a 45000010009000000050017000090080041000260100017000670200025000840400013001090500017001220820016001392450102001552600057002572630009003143000023003235000020003465050126003666500052004927000026005447000030005701649461720210414114230.0101008s2011 enk e 001 0 eng  a 2010042876 a9780415569583 (pbk.) aDLCcDLC00aHM548b.I58 00a306.30322200aInternational encyclopedia of economic sociology. /cedited by Jens Beckert and Milan Zafirovski. aAbingdon, Oxon ;aNew York, NY :bRoutledge,cc2011. a1106 axvii,773p.:c22cm. aIncludes index. aContents: List of illustrations -- Advisors -- Introduction -- List of contributors -- List of entries -- Entries A to Z. 0aEconomicsxSociological aspectsvEncyclopedias.1 aBeckert, Jens,d1967-1 aZafirovski, Milan,d1958-